[Event "World Chess Olympiad 2018"]
[Site "Batumi"]
[Date "2018.10.05"]
[Round "11"]
[Board "3"]
[WhiteFideId "21200203"]
[White "Kouya Tyeoulou Bernardin Franklin"]
[BlackFideId "5300150"]
[Black "Kassis Antoine"]
[Result "0-1"]
[LiveChessVersion "1.4.8"]
[BlackElo "2173"]
[WhiteElo "1753"]

1. d4 {[%clk 1:30:53]} Nf6 {[%clk 1:30:23]} 2. Nf3 {[%clk 1:31:13]} c5
{[%clk 1:30:49]} 3. e3 {[%clk 1:31:35]} g6 {[%clk 1:30:32]} 4. Bd3
{[%clk 1:31:53]} Bg7 {[%clk 1:30:39]} 5. O-O {[%clk 1:32:02]} O-O
{[%clk 1:30:25]} 6. Nbd2 {[%clk 1:32:16]} d6 {[%clk 1:29:23]} 7. c3
{[%clk 1:32:38]} Nc6 {[%clk 1:29:31]} 8. h3 {[%clk 1:32:38]} b6 {[%clk 1:28:30]}
9. Ne4 {[%clk 1:32:44]} Nxe4 {[%clk 1:24:58]} 10. Bxe4 {[%clk 1:33:01]} d5
{[%clk 1:25:11]} 11. Bc2 {[%clk 1:33:20]} Bb7 {[%clk 1:24:16]} 12. Rb1
{[%clk 1:33:41]} e5 {[%clk 1:19:52]} 13. dxe5 {[%clk 1:33:55]} Nxe5
{[%clk 1:20:14]} 14. Nxe5 {[%clk 1:33:56]} Bxe5 {[%clk 1:20:36]} 15. Re1
{[%clk 1:31:53]} Qe7 {[%clk 1:11:06]} 16. Qe2 {[%clk 1:29:29]} Rfe8
{[%clk 0:46:35]} 17. Bd2 {[%clk 1:29:23]} Bc7 {[%clk 0:40:44]} 18. Rbd1
{[%clk 1:28:51]} Qd6 {[%clk 0:39:53]} 19. g3 {[%clk 1:28:58]} Re6
{[%clk 0:21:25]} 20. Qg4 {[%clk 1:25:10]} h5 {[%clk 0:21:06]} 21. Qh4
{[%clk 1:23:50]} Qc6 {[%clk 0:19:05]} 22. f3 {[%clk 1:20:54]} Bd8
{[%clk 0:18:54]} 23. Qa4 {[%clk 1:20:48]} b5 {[%clk 0:19:19]} 24. Qa3
{[%clk 1:20:49]} h4 {[%clk 0:15:35]} 25. g4 Bc7 26. e4 {[%clk 1:17:56]} Rae8
{[%clk 0:07:56]} 27. Bg5 {[%clk 1:14:38]} Bg3 {[%clk 0:07:55]} 28. Rf1
{[%clk 1:13:09]} dxe4 {[%clk 0:07:39]} 29. Be3 {[%clk 1:08:49]} exf3
{[%clk 0:07:49]} 30. Bf2 {[%clk 1:09:01]} Bxf2+ {[%clk 0:07:27]} 31. Rxf2
{[%clk 1:09:24]} Re1+ {[%clk 0:07:34]} 32. Kh2 {[%clk 1:09:18]} Qc7+
{[%clk 0:07:49]} 0-1

[Event "World Chess Olympiad 2018"]
[Site "Batumi"]
[Date "2018.10.05"]
[Round "11"]
[Board "1"]
[WhiteFideId "19900023"]
[White "Aw Ousmane"]
[BlackFideId "15200515"]
[Black "Handjaba Mclean"]
[Result "0-1"]
[LiveChessVersion "1.4.8"]
[BlackElo "1956"]
[WhiteElo "1880"]

1. d4 {[%clk 1:30:56]} Nf6 {[%clk 1:30:54]} 2. Nf3 {[%clk 1:31:18]} e6
{[%clk 1:31:12]} 3. Bf4 {[%clk 1:31:42]} c5 {[%clk 1:30:29]} 4. e3
{[%clk 1:31:57]} Be7 {[%clk 1:28:58]} 5. h3 {[%clk 1:32:07]} Qb6 {[%clk 1:28:25]}
6. Nc3 {[%clk 1:30:25]} O-O {[%clk 1:27:24]} 7. Rb1 {[%clk 1:29:34]} cxd4
{[%clk 1:24:24]} 8. Nxd4 {[%clk 1:29:36]} Bb4 {[%clk 1:21:38]} 9. Bd3
{[%clk 1:29:00]} Nd5 {[%clk 1:17:11]} 10. Bg3 {[%clk 1:22:08]} Nc6
{[%clk 1:03:59]} 11. O-O {[%clk 1:22:27]} Bxc3 {[%clk 0:59:00]} 12. bxc3
{[%clk 1:22:43]} Qc5 {[%clk 0:58:38]} 13. Nb5 {[%clk 1:10:25]} e5
{[%clk 0:54:09]} 14. c4 {[%clk 0:59:06]} Nf6 {[%clk 0:45:22]} 15. Nc7
{[%clk 0:56:56]} Rb8 16. Rb5 {[%clk 0:56:49]} Qa3 {[%clk 0:37:36]} 17. Bh4
{[%clk 0:56:38]} Ne8 {[%clk 0:32:14]} 18. Nd5 {[%clk 0:54:27]} f5
{[%clk 0:27:09]} 19. c5 {[%clk 0:50:06]} a6 {[%clk 0:15:51]} 20. Rb4
{[%clk 0:25:14]} g6 {[%clk 0:10:55]} 21. Ne7+ {[%clk 0:24:10]} Nxe7
{[%clk 0:06:30]} 22. Bxe7 {[%clk 0:24:26]} Qxb4 {[%clk 0:06:44]} 23. Qe2
{[%clk 0:22:10]} b5 {[%clk 0:06:05]} 24. c3 {[%clk 0:21:37]} Qxc3
{[%clk 0:04:54]} 25. e4 {[%clk 0:19:51]} Rf7 {[%clk 0:04:55]} 26. Bh4
{[%clk 0:18:34]} Bb7 {[%clk 0:04:29]} 27. exf5 {[%clk 0:18:34]} gxf5
{[%clk 0:04:11]} 28. Bxf5 {[%clk 0:17:29]} Rxf5 {[%clk 0:04:12]} 29. Qg4+
{[%clk 0:17:18]} Ng7 {[%clk 0:04:23]} 30. Be7 {[%clk 0:17:15]} Re8
{[%clk 0:03:57]} 31. Bd6 {[%clk 0:17:33]} Qd4 {[%clk 0:03:41]} 32. Qh4
{[%clk 0:16:50]} Qxh4 {[%clk 0:04:05]} 0-1

[Event "World Chess Olympiad 2018"]
[Site "Batumi"]
[Date "2018.10.05"]
[Round "11"]
[Board "2"]
[WhiteFideId "15200019"]
[White "Mueller Leonhard"]
[BlackFideId "19900058"]
[Black "Gueye Elhadji Gorgui"]
[Result "1-0"]
[LiveChessVersion "1.4.8"]
[BlackElo "2026"]
[WhiteElo "2190"]

1. d4 {[%clk 1:30:55]} d5 {[%clk 1:30:52]} 2. Bf4 {[%clk 1:31:21]} e6
{[%clk 1:31:12]} 3. e3 {[%clk 1:31:28]} Nf6 {[%clk 1:31:36]} 4. Nf3
{[%clk 1:31:34]} Be7 {[%clk 1:32:01]} 5. Nbd2 {[%clk 1:30:02]} c6
{[%clk 1:31:22]} 6. Bd3 {[%clk 1:29:50]} Qb6 {[%clk 1:30:20]} 7. Rb1
{[%clk 1:26:53]} Nbd7 {[%clk 1:30:30]} 8. Ne5 {[%clk 1:22:05]} c5
{[%clk 1:20:40]} 9. c3 {[%clk 1:20:52]} O-O {[%clk 1:18:35]} 10. h4
{[%clk 1:16:35]} cxd4 {[%clk 1:13:51]} 11. exd4 {[%clk 1:16:06]} Re8
{[%clk 1:08:25]} 12. Rh3 {[%clk 1:04:51]} Nxe5 {[%clk 0:50:23]} 13. dxe5
{[%clk 1:04:45]} Nd7 {[%clk 0:50:45]} 14. Qg4 {[%clk 0:48:09]} f5
{[%clk 0:40:29]} 15. Qh5 {[%clk 0:47:10]} Rf8 {[%clk 0:39:31]} 16. Nf3
{[%clk 0:43:12]} Nc5 {[%clk 0:34:33]} 17. Bc2 {[%clk 0:42:11]} Ne4
{[%clk 0:33:19]} 18. Be3 {[%clk 0:38:02]} Bc5 {[%clk 0:24:37]} 19. Ng5
{[%clk 0:37:14]} h6 {[%clk 0:23:47]} 20. Qg6 {[%clk 0:22:54]} hxg5
{[%clk 0:22:42]} 21. hxg5 {[%clk 0:22:32]} Bxe3 {[%clk 0:22:42]} 22. fxe3
{[%clk 0:21:55]} Nxg5 {[%clk 0:15:05]} 23. Qxg5 {[%clk 0:21:56]} Bd7
{[%clk 0:14:55]} 24. Kd2 {[%clk 0:20:05]} Qc7 {[%clk 0:09:27]} 25. Qg6
{[%clk 8:19:09]} 1-0

[Event "World Chess Olympiad 2018"]
[Site "Batumi"]
[Date "2018.10.05"]
[Round "11"]
[Board "1"]
[WhiteFideId "15900711"]
[White "Tromp Hubert Randolf"]
[BlackFideId "5600618"]
[Black "Zerafa Robert"]
[Result "0-1"]
[LiveChessVersion "1.4.8"]
[BlackElo "2085"]
[WhiteElo "1674"]

1. e4 {[%clk 1:30:57]} e5 {[%clk 1:30:58]} 2. Nf3 {[%clk 1:31:17]} Nc6
{[%clk 1:31:23]} 3. Bb5 {[%clk 1:31:37]} a6 {[%clk 1:31:51]} 4. Ba4
{[%clk 1:32:00]} Nf6 {[%clk 1:32:13]} 5. d3 {[%clk 1:29:37]} b5 {[%clk 1:25:00]}
6. Bb3 {[%clk 1:29:56]} Be7 {[%clk 1:22:20]} 7. c3 {[%clk 1:29:56]} d5
{[%clk 1:19:10]} 8. Nbd2 {[%clk 1:22:44]} O-O {[%clk 1:18:38]} 9. O-O
{[%clk 1:21:51]} Bb7 {[%clk 1:14:15]} 10. Re1 {[%clk 1:21:27]} Re8
{[%clk 1:13:46]} 11. Bc2 {[%clk 1:20:07]} Bf8 {[%clk 1:12:55]} 12. Nf1
{[%clk 1:19:57]} a5 {[%clk 1:03:41]} 13. Ng3 {[%clk 1:19:18]} a4 {[%clk 1:03:23]}
14. Bg5 {[%clk 1:06:33]} Re6 {[%clk 0:58:25]} 15. Nf5 {[%clk 1:04:03]} h6
{[%clk 0:54:21]} 16. Bh4 {[%clk 0:41:00]} Qd7 {[%clk 0:44:42]} 17. Bxf6
{[%clk 0:35:03]} Rxf6 {[%clk 0:44:21]} 18. Qe2 {[%clk 0:34:44]} Re8
{[%clk 0:26:18]} 19. Rad1 {[%clk 0:34:30]} Na5 {[%clk 0:25:16]} 20. b4
{[%clk 0:30:11]} axb3 {[%clk 0:24:49]} 21. axb3 {[%clk 0:30:00]} c5
{[%clk 0:23:13]} 22. Ra1 {[%clk 0:27:52]} Ra6 {[%clk 0:21:03]} 23. Ra2
{[%clk 0:28:07]} d4 {[%clk 0:19:56]} 24. c4 {[%clk 0:25:10]} g6 {[%clk 0:18:50]}
25. Ng3 {[%clk 0:25:15]} Bc6 {[%clk 0:12:59]} 26. Rea1 {[%clk 0:24:50]} Qc7
{[%clk 0:13:02]} 27. h3 {[%clk 0:22:50]} Kg7 {[%clk 0:09:46]} 28. Nh4
{[%clk 0:21:56]} Be7 {[%clk 0:09:18]} 29. Nhf5+ {[%clk 0:21:38]} gxf5
{[%clk 0:08:49]} 30. Nxf5+ {[%clk 0:21:55]} Kh7 {[%clk 0:06:24]} 31. Qh5
{[%clk 0:21:44]} Bf8 {[%clk 0:05:11]} 32. Rxa5 {[%clk 0:21:28]} Rxa5
{[%clk 0:03:55]} 33. Rxa5 {[%clk 0:21:48]} bxc4 {[%clk 0:02:26]} 34. Ra6
{[%clk 0:21:59]} cxd3 {[%clk 0:01:53]} 35. Bxd3 {[%clk 0:22:03]} Re6
{[%clk 0:02:21]} 36. Bc4 {[%clk 0:22:15]} Rg6 {[%clk 0:02:02]} 37. Rxc6
{[%clk 0:18:47]} Qxc6 {[%clk 0:01:50]} 38. Bxf7 {[%clk 0:19:13]} Rg5
{[%clk 0:02:00]} 39. Qf3 {[%clk 0:18:52]} Qf6 {[%clk 0:01:06]} 40. Bd5
{[%clk 0:48:52]} Rg6 {[%clk 0:31:11]} 41. Qh5 {[%clk 0:37:10]} Qg5
{[%clk 0:30:02]} 42. Qxg5 {[%clk 0:34:42]} hxg5 {[%clk 0:30:13]} 43. Kf1
{[%clk 0:31:14]} Ra6 {[%clk 0:30:33]} 44. Bc4 {[%clk 0:29:30]} Ra2
{[%clk 0:27:59]} 45. g4 {[%clk 0:29:11]} Kg6 {[%clk 0:28:00]} 46. Ng3
{[%clk 0:26:07]} Be7 {[%clk 0:26:46]} 47. Bd5 {[%clk 0:21:08]} d3
{[%clk 0:21:14]} 48. Nf5 {[%clk 0:18:49]} Ra1+ {[%clk 0:21:35]} 49. Kg2
{[%clk 0:18:15]} Bd8 {[%clk 0:22:00]} 50. Bc4 {[%clk 0:15:17]} d2
{[%clk 0:21:30]} 51. Ne3 {[%clk 0:15:41]} d1=Q {[%clk 0:21:40]} 52. Nxd1
{[%clk 0:16:08]} Rxd1 {[%clk 0:21:57]} 53. Kf3 {[%clk 0:15:13]} Ba5
{[%clk 0:21:15]} 54. Be2 {[%clk 0:12:10]} Rh1 {[%clk 0:20:28]} 55. Kg2
{[%clk 0:12:30]} Rb1 {[%clk 0:20:18]} 56. Bc4 {[%clk 0:12:48]} Rb2
{[%clk 0:20:15]} 57. Kf3 {[%clk 0:13:03]} Be1 {[%clk 0:20:37]} 0-1

[Event "World Chess Olympiad 2018"]
[Site "Batumi"]
[Date "2018.10.05"]
[Round "11"]
[Board "2"]
[WhiteFideId "5601061"]
[White "Darmanin Jake"]
[BlackFideId "1007220"]
[Black "Croes Octavio"]
[Result "1-0"]
[LiveChessVersion "1.4.8"]
[BlackElo "1805"]
[WhiteElo "2069"]

1. e4 {[%clk 1:30:09]} c5 {[%clk 1:30:57]} 2. c3 {[%clk 1:30:34]} d5
{[%clk 1:31:19]} 3. exd5 {[%clk 1:31:00]} Qxd5 {[%clk 1:31:42]} 4. Nf3
{[%clk 1:31:23]} Nf6 {[%clk 1:32:04]} 5. d4 {[%clk 1:31:07]} cxd4
{[%clk 1:32:04]} 6. cxd4 {[%clk 1:30:51]} e6 {[%clk 1:32:15]} 7. Nc3
{[%clk 1:30:46]} Bb4 {[%clk 1:29:51]} 8. Bd3 {[%clk 1:26:27]} O-O
{[%clk 1:29:49]} 9. O-O {[%clk 1:26:15]} Qd6 {[%clk 1:26:39]} 10. Bg5
{[%clk 1:21:32]} Nbd7 {[%clk 1:24:07]} 11. Qe2 {[%clk 1:14:08]} a6
{[%clk 1:21:39]} 12. Rad1 {[%clk 1:07:37]} b5 {[%clk 1:15:59]} 13. Ne4
{[%clk 1:00:52]} Qb6 {[%clk 1:09:35]} 14. Nxf6+ {[%clk 0:57:59]} Nxf6
{[%clk 1:09:55]} 15. Bxf6 {[%clk 0:58:11]} gxf6 {[%clk 1:10:21]} 16. Qe4
{[%clk 0:57:23]} f5 {[%clk 1:10:17]} 17. Qh4 {[%clk 0:55:33]} Qb7
{[%clk 0:58:04]} 18. d5 {[%clk 0:45:34]} Qe7 {[%clk 0:55:58]} 19. Ng5
{[%clk 0:44:22]} f6 {[%clk 0:51:15]} 20. Nxe6 {[%clk 0:44:38]} Bxe6
{[%clk 0:51:15]} 21. dxe6 {[%clk 0:44:54]} Rac8 {[%clk 0:34:24]} 22. Bxf5
{[%clk 0:44:03]} Rc4 {[%clk 0:34:36]} 23. Qh5 {[%clk 0:42:40]} Rc7
{[%clk 0:34:12]} 24. Rd7 {[%clk 0:36:26]} Rxd7 {[%clk 0:34:30]} 25. exd7
{[%clk 0:36:52]} Rf7 {[%clk 0:31:30]} 26. Bxh7+ {[%clk 0:34:40]} 1-0

[Event "World Chess Olympiad 2018"]
[Site "Batumi"]
[Date "2018.10.05"]
[Round "11"]
[Board "3"]
[WhiteFideId "15900037"]
[White "Pesqueira Jose"]
[BlackFideId "5600359"]
[Black "Psaila Clarence"]
[Result "1/2-1/2"]
[LiveChessVersion "1.4.8"]
[BlackElo "2002"]
[WhiteElo "1801"]

1. e4 {[%clk 1:30:57]} e6 {[%clk 1:30:56]} 2. d4 {[%clk 1:31:16]} d5
{[%clk 1:31:21]} 3. exd5 {[%clk 1:31:28]} exd5 {[%clk 1:31:46]} 4. Bd3
{[%clk 1:31:50]} Bd6 {[%clk 1:32:08]} 5. Nf3 {[%clk 1:32:10]} Ne7
{[%clk 1:32:28]} 6. O-O {[%clk 1:32:24]} Nbc6 {[%clk 1:32:45]} 7. c3
{[%clk 1:32:18]} Bg4 {[%clk 1:33:01]} 8. h3 {[%clk 1:32:44]} Bh5 {[%clk 1:32:56]}
9. b4 {[%clk 1:32:29]} Qd7 {[%clk 1:32:05]} 10. Nbd2 {[%clk 1:32:36]} O-O
{[%clk 1:30:20]} 11. Qc2 {[%clk 1:32:37]} Bg6 {[%clk 1:30:16]} 12. b5
{[%clk 1:08:11]} Nd8 {[%clk 1:27:51]} 13. Ne5 {[%clk 0:49:33]} Bxe5
{[%clk 1:23:32]} 14. dxe5 {[%clk 0:49:32]} Qxb5 {[%clk 1:22:58]} 15. Bxb5
{[%clk 0:49:37]} Bxc2 {[%clk 1:23:21]} 16. Ba3 {[%clk 0:49:59]} Ng6
{[%clk 1:07:54]} 17. Bxf8 {[%clk 0:50:13]} Kxf8 {[%clk 1:07:54]} 18. Rac1
{[%clk 0:39:59]} Bf5 {[%clk 1:06:51]} 19. Rfe1 {[%clk 0:19:57]} c6
{[%clk 1:06:25]} 20. Bf1 {[%clk 0:20:14]} Nf4 {[%clk 1:03:45]} 21. Kh2
{[%clk 0:15:40]} g5 {[%clk 0:59:42]} 22. g3 {[%clk 0:10:02]} Nfe6
{[%clk 0:59:44]} 23. Nf3 {[%clk 0:09:44]} Be4 {[%clk 0:47:38]} 24. Nd4
{[%clk 0:09:54]} Nc5 {[%clk 0:45:21]} 25. Re3 {[%clk 0:09:17]} Ke7
{[%clk 0:44:26]} 26. c4 {[%clk 0:06:22]} Nde6 {[%clk 0:41:22]} 27. Nxe6
{[%clk 0:06:10]} Nxe6 {[%clk 0:41:39]} 28. Bg2 {[%clk 0:05:05]} Bxg2
{[%clk 0:40:36]} 29. Kxg2 {[%clk 0:05:33]} d4 {[%clk 0:40:40]} 30. Re4
{[%clk 0:04:20]} c5 {[%clk 0:39:38]} 31. f4 {[%clk 0:02:58]} gxf4
{[%clk 0:38:13]} 32. gxf4 {[%clk 0:03:23]} Ng7 {[%clk 0:33:14]} 33. Kf3
{[%clk 0:01:24]} Nf5 {[%clk 0:32:45]} 34. Ree1 {[%clk 0:01:25]} Ke6
{[%clk 0:29:26]} 35. Rcd1 {[%clk 0:01:09]} Rc8 {[%clk 0:23:53]} 36. Ke4
{[%clk 0:01:09]} h6 {[%clk 0:18:28]} 37. a4 {[%clk 0:00:54]} Rc6 {[%clk 0:17:05]}
1/2-1/2

[Event "World Chess Olympiad 2018"]
[Site "Batumi"]
[Date "2018.10.05"]
[Round "11"]
[Board "4"]
[WhiteFideId "5600405"]
[White "Said Oliver"]
[BlackFideId "15900509"]
[Black "Diaz Brian"]
[Result "1-0"]
[LiveChessVersion "1.4.8"]
[BlackElo "1737"]
[WhiteElo "1924"]

1. e4 {[%clk 1:30:56]} c5 {[%clk 1:30:56]} 2. Nf3 {[%clk 1:31:23]} e6
{[%clk 1:31:22]} 3. d4 {[%clk 1:31:50]} cxd4 {[%clk 1:31:48]} 4. Nxd4
{[%clk 1:32:12]} Nc6 {[%clk 1:32:09]} 5. Be2 {[%clk 1:31:57]} Qc7
{[%clk 1:32:30]} 6. O-O {[%clk 1:31:51]} a6 {[%clk 1:32:48]} 7. Nc3
{[%clk 1:32:05]} Nf6 {[%clk 1:33:09]} 8. Be3 {[%clk 1:32:15]} b5 {[%clk 1:31:45]}
9. a3 {[%clk 1:31:33]} Bb7 {[%clk 1:28:37]} 10. f4 {[%clk 1:29:38]} d6
{[%clk 1:26:52]} 11. Bf3 {[%clk 1:27:35]} Be7 {[%clk 1:24:09]} 12. f5
{[%clk 1:27:02]} Nxd4 {[%clk 1:22:42]} 13. Qxd4 {[%clk 1:25:48]} O-O
{[%clk 1:22:46]} 14. Rad1 {[%clk 1:23:21]} Rad8 {[%clk 1:20:42]} 15. Kh1
{[%clk 1:20:35]} Nd7 {[%clk 0:55:04]} 16. a4 {[%clk 1:03:45]} bxa4
{[%clk 0:51:26]} 17. fxe6 {[%clk 1:00:21]} fxe6 {[%clk 0:46:36]} 18. Qxa4
{[%clk 0:58:53]} Nc5 {[%clk 0:37:06]} 19. Qc4 {[%clk 0:57:46]} a5
{[%clk 0:21:35]} 20. Bxc5 {[%clk 0:56:48]} dxc5 {[%clk 0:21:55]} 21. Qxe6+
{[%clk 0:57:00]} Kh8 {[%clk 0:22:04]} 22. Nd5 {[%clk 0:54:14]} Bxd5
{[%clk 0:22:06]} 23. exd5 {[%clk 0:49:50]} Rf6 {[%clk 0:21:04]} 24. Qe2
{[%clk 0:40:52]} Rh6 {[%clk 0:19:03]} 25. h3 {[%clk 0:40:35]} Bd6
{[%clk 0:13:55]} 26. Bg4 {[%clk 0:35:02]} Qb6 {[%clk 0:07:45]} 27. Rde1
{[%clk 0:18:48]} Qb8 {[%clk 0:03:44]} 28. Rf7 {[%clk 0:13:06]} Rf6
{[%clk 0:02:49]} 29. Rxf6 {[%clk 0:11:44]} gxf6 {[%clk 0:03:16]} 30. Qe6
{[%clk 0:03:11]} Be5 {[%clk 0:01:42]} 31. b3 {[%clk 0:02:56]} Re8
{[%clk 0:00:34]} 32. Qf7 {[%clk 0:02:26]} Rf8 {[%clk 0:00:37]} 33. Qh5
{[%clk 0:02:45]} Qb4 {[%clk 0:00:33]} 34. Rf1 {[%clk 0:02:16]} Qb7
{[%clk 0:00:32]} 35. Qh6 {[%clk 0:02:10]} Rg8 {[%clk 0:00:31]} 36. Be6
{[%clk 0:02:13]} Rg7 {[%clk 0:00:32]} 37. Qh5 {[%clk 0:02:07]} Qe7
{[%clk 0:00:31]} 38. Rd1 {[%clk 0:01:48]} Bd4 {[%clk 0:00:33]} 39. Rf1
{[%clk 0:02:01]} Rg5 {[%clk 0:00:33]} 40. Qf7 {[%clk 0:31:32]} Qxf7 41. Bxf7
{[%clk 0:31:59]} Kg7 {[%clk 0:29:38]} 42. Be6 {[%clk 0:32:27]} Kf8
{[%clk 0:26:45]} 43. g4 {[%clk 0:32:16]} h5 {[%clk 0:25:37]} 44. h4
{[%clk 0:31:33]} Rg7 {[%clk 0:22:21]} 45. gxh5 {[%clk 0:28:04]} Rh7
{[%clk 0:21:09]} 46. Rf5 {[%clk 0:23:12]} Rg7 {[%clk 0:18:16]} 47. h6
{[%clk 0:23:23]} Rh7 {[%clk 0:18:13]} 48. Kg2 {[%clk 0:22:14]} Rxh6
{[%clk 0:16:48]} 49. h5 {[%clk 0:22:43]} Ke7 {[%clk 0:16:12]} 50. Kf3
{[%clk 0:21:52]} Bb2 {[%clk 0:15:24]} 51. Ke4 {[%clk 0:20:13]} Bd4
{[%clk 0:12:44]} 1-0

[Event "World Chess Olympiad 2018"]
[Site "Batumi"]
[Date "2018.10.05"]
[Round "11"]
[Board "1"]
[WhiteFideId "20300166"]
[White "Ntamatungiro Wilfried"]
[BlackFideId "9200711"]
[Black "Alharari Mohammed Alsouri"]
[Result "1/2-1/2"]
[LiveChessVersion "1.4.8"]
[BlackElo "2038"]
[WhiteElo "1765"]

1. e4 {[%clk 1:30:59]} d5 {[%clk 1:30:56]} 2. exd5 Qxd5 {[%clk 1:31:20]} 3. Nf3
{[%clk 1:31:28]} Nf6 {[%clk 1:31:45]} 4. c4 {[%clk 1:31:22]} Qa5 {[%clk 1:31:59]}
5. Be2 {[%clk 1:30:59]} Bf5 {[%clk 1:31:40]} 6. Nc3 {[%clk 1:30:41]} c6
{[%clk 1:31:49]} 7. O-O {[%clk 1:30:10]} e6 {[%clk 1:31:39]} 8. d4
{[%clk 1:30:20]} Bd6 {[%clk 1:31:10]} 9. Bg5 {[%clk 1:30:06]} Nbd7
{[%clk 1:31:07]} 10. Qd2 {[%clk 1:28:32]} h6 {[%clk 1:21:38]} 11. Bf4
{[%clk 1:27:01]} Bxf4 {[%clk 1:19:26]} 12. Qxf4 {[%clk 1:27:18]} O-O
{[%clk 1:19:52]} 13. Rad1 {[%clk 1:25:02]} Qb4 {[%clk 1:14:35]} 14. Qc1
{[%clk 1:23:07]} Rad8 {[%clk 1:11:21]} 15. Rfe1 {[%clk 1:21:40]} Rfe8
{[%clk 1:05:43]} 16. a3 {[%clk 1:21:36]} Qb6 {[%clk 1:05:28]} 17. b4
{[%clk 1:21:26]} Ne4 {[%clk 1:04:10]} 18. Qe3 {[%clk 1:18:47]} Ndf6
{[%clk 0:57:10]} 19. Nxe4 {[%clk 1:17:30]} Bxe4 {[%clk 0:56:10]} 20. Ne5
{[%clk 1:16:12]} Re7 {[%clk 0:53:14]} 21. Rd2 {[%clk 1:15:56]} Bf5
{[%clk 0:51:20]} 22. Red1 {[%clk 1:15:47]} Ne4 {[%clk 0:48:17]} 23. Rb2
{[%clk 1:11:12]} Qc7 {[%clk 0:48:31]} 24. f3 {[%clk 1:08:15]} Nd6
{[%clk 0:46:36]} 25. c5 {[%clk 1:00:25]} Ne8 {[%clk 0:46:06]} 26. Rbd2
{[%clk 1:00:08]} f6 {[%clk 0:41:07]} 27. Nc4 {[%clk 0:59:12]} Bg6
{[%clk 0:38:50]} 28. Na5 {[%clk 0:56:48]} Qd7 {[%clk 0:35:21]} 29. Bc4
{[%clk 0:54:57]} b6 {[%clk 0:35:13]} 30. Nb3 {[%clk 0:54:54]} Nc7
{[%clk 0:35:07]} 31. Nc1 {[%clk 0:50:51]} Rde8 {[%clk 0:25:43]} 32. Ne2
{[%clk 0:48:50]} Nd5 {[%clk 0:25:00]} 33. Qb3 {[%clk 0:47:20]} Qc7
{[%clk 0:24:48]} 34. Ng3 {[%clk 0:42:54]} Qf4 {[%clk 0:21:10]} 35. Re2
{[%clk 0:42:29]} b5 {[%clk 0:20:13]} 36. Bd3 {[%clk 0:42:09]} Bxd3
{[%clk 0:18:10]} 37. Qxd3 1/2-1/2

[Event "World Chess Olympiad 2018"]
[Site "Batumi"]
[Date "2018.10.05"]
[Round "11"]
[Board "3"]
[WhiteFideId "20300034"]
[White "Ntagasigumwami Deo"]
[BlackFideId "9205365"]
[Black "Naser Eldean Ahmed"]
[Result "0-1"]
[LiveChessVersion "1.4.8"]
[BlackElo "1906"]
[WhiteElo "1720"]

1. e4 {[%clk 1:29:01]} c5 {[%clk 1:30:07]} 2. Nf3 {[%clk 1:28:51]} d6
{[%clk 1:30:24]} 3. h3 {[%clk 1:29:04]} Nf6 {[%clk 1:30:44]} 4. Nc3
{[%clk 1:29:13]} a6 {[%clk 1:31:05]} 5. d4 {[%clk 1:27:54]} cxd4 {[%clk 1:31:24]}
6. Nxd4 {[%clk 1:27:06]} h6 {[%clk 1:31:14]} 7. f4 {[%clk 1:22:58]} e5
{[%clk 1:30:09]} 8. Nf3 {[%clk 1:20:16]} Nbd7 {[%clk 1:30:30]} 9. Be3
{[%clk 1:16:34]} b5 {[%clk 1:30:14]} 10. a3 {[%clk 1:11:58]} Bb7 {[%clk 1:30:35]}
11. Bd3 {[%clk 1:11:26]} Be7 {[%clk 1:30:37]} 12. Qe2 {[%clk 1:09:45]} Qc7
{[%clk 1:30:23]} 13. O-O-O {[%clk 1:06:04]} exf4 {[%clk 1:28:28]} 14. Bxf4
{[%clk 1:05:40]} Ne5 {[%clk 1:28:51]} 15. Nd4 {[%clk 1:01:33]} g6
{[%clk 1:27:42]} 16. Rhf1 {[%clk 0:58:02]} Nfd7 {[%clk 1:17:15]} 17. Kb1
{[%clk 0:54:35]} Nc5 {[%clk 1:15:18]} 18. Nd5 {[%clk 0:53:56]} Bxd5
{[%clk 1:15:21]} 19. exd5 {[%clk 0:53:11]} O-O-O {[%clk 1:11:42]} 20. Bxe5
{[%clk 0:52:43]} dxe5 {[%clk 1:11:43]} 21. Nc6 {[%clk 0:48:31]} f5
{[%clk 1:10:18]} 22. Nxd8 {[%clk 0:47:26]} Rxd8 {[%clk 1:06:04]} 23. c4
{[%clk 0:39:40]} e4 {[%clk 1:04:48]} 24. Bc2 {[%clk 0:39:31]} Bf6
{[%clk 1:01:23]} 25. Ka2 {[%clk 0:32:15]} b4 {[%clk 0:57:16]} 26. axb4
{[%clk 0:28:40]} Qb6 {[%clk 0:57:24]} 27. Qe1 {[%clk 0:24:38]} a5
{[%clk 0:54:13]} 28. b5 {[%clk 0:23:31]} Na6 {[%clk 0:54:42]} 29. Kb1
{[%clk 0:19:19]} Nb4 {[%clk 0:54:32]} 30. Qe2 {[%clk 0:18:20]} Qd6
{[%clk 0:53:33]} 31. Qe3 {[%clk 0:16:41]} Qe5 {[%clk 0:53:50]} 32. Qa3
{[%clk 0:15:25]} e3 {[%clk 0:53:51]} 33. Rf3 {[%clk 0:11:31]} e2 {[%clk 0:52:20]}
34. Re1 {[%clk 0:10:01]} Nxc2 {[%clk 0:52:45]} 35. Kxc2 {[%clk 0:08:47]} Qe4+
{[%clk 0:53:01]} 36. Qd3 {[%clk 0:07:36]} Qe5 {[%clk 0:53:30]} 37. Rxe2
{[%clk 0:04:21]} Qxb2+ {[%clk 0:53:51]} 38. Kd1 {[%clk 0:04:08]} Qa1+
{[%clk 0:54:12]} 39. Kd2 Bg5+ 40. Ree3 {[%clk 0:02:25]} Re8 {[%clk 0:54:17]} 41.
Ke2 {[%clk 0:31:19]} Qb2+ {[%clk 1:22:40]} 42. Qd2 {[%clk 0:30:55]} Qxd2+
{[%clk 1:19:24]} 43. Kxd2 {[%clk 0:31:06]} Rxe3 {[%clk 1:19:52]} 44. Rxe3
{[%clk 0:31:19]} a4 {[%clk 1:20:20]} 45. Kc3 {[%clk 0:29:15]} Bxe3
{[%clk 1:20:37]} 46. Kb4 {[%clk 0:29:42]} a3 {[%clk 1:20:24]} 47. Kxa3
{[%clk 0:30:10]} Bc5+ {[%clk 1:20:49]} 48. Kb3 {[%clk 0:30:20]} Kc7
{[%clk 1:21:09]} 49. Kc3 {[%clk 0:29:59]} Kd6 {[%clk 1:21:13]} 50. Kd3
{[%clk 0:29:07]} Ke5 {[%clk 1:21:36]} 51. g3 {[%clk 0:27:33]} g5 {[%clk 1:22:05]}
52. Ke2 {[%clk 0:26:43]} Kd4 {[%clk 1:22:13]} 53. Kf3 {[%clk 0:17:52]} Kxc4
{[%clk 1:22:35]} 54. d6 {[%clk 0:14:47]} Bxd6 {[%clk 1:22:53]} 55. b6
{[%clk 0:14:54]} Kd3 {[%clk 1:23:19]} 56. b7 {[%clk 0:14:37]} Bb8
{[%clk 1:23:41]} 57. Kf2 {[%clk 0:14:35]} Ke4 {[%clk 1:24:07]} 58. Ke2
{[%clk 0:14:50]} f4 {[%clk 1:24:32]} 59. gxf4 {[%clk 0:11:35]} gxf4
{[%clk 1:24:55]} 60. Kf2 {[%clk 0:11:46]} f3 {[%clk 1:25:17]} 0-1